Proton NMR studies of molecular level mobility in vulcanised and epoxidised natural rubber (Record no. 66075)
[ view plain ]
| 000 -LEADER | |
|---|---|
| fixed length control field | 01185nam a2200205Ia 4500 |
| 100 ## - MAIN ENTRY--AUTHOR NAME | |
| Personal name | Harris R K |
| 245 #0 - TITLE STATEMENT | |
| Title | Proton NMR studies of molecular level mobility in vulcanised and epoxidised natural rubber |
| 260 ## - PUBLICATION, DISTRIBUTION, ETC. (IMPRINT) | |
| Name of publisher | Polymer International |
| Year of publication | 1996 |
| 300 ## - PHYSICAL DESCRIPTION | |
| Number of Pages | 63-71 |
| 500 ## - GENERAL NOTE | |
| General note | Source Year: 1996 |
| 520 ## - SUMMARY, ETC. | |
| Summary, etc | Proton spin-lattice relaxations in the laboratory and rotating frames, together with transverse relaxation (free induction decay), have been measured for natural and epoxidised rubber, plus a series of vulcanized samples. The data have been analysed by fitting procedures to give characteristic times which are discussed in terms of the mobility of the various parts of the samples, and of their compositions (including the effects of paraffin wax and oil additives). Interpretation has been aided by recording free induction decays following a period of spin-locking. 13C magic-angle spinning spectra have also been measured. |
| 650 ## - SUBJECT ADDED ENTRY--TOPICAL TERM | |
| Topical Term | Epoxidised natural rubber |
| 650 ## - SUBJECT ADDED ENTRY--TOPICAL TERM | |
| Topical Term | Proton NMR |
| 650 ## - SUBJECT ADDED ENTRY--TOPICAL TERM | |
| Topical Term | Vulcanised natural rubber |
| 700 ## - ADDED ENTRY--PERSONAL NAME | |
| Personal name | Say B J |
| 700 ## - ADDED ENTRY--PERSONAL NAME | |
| Personal name | Soon Ng |
| 856 ## - ELECTRONIC LOCATION AND ACCESS | |
| Uniform Resource Identifier | IRRDB |
| 942 ## - ADDED ENTRY ELEMENTS (KOHA) | |
| Koha item type | Journals |
| Withdrawn status | Lost status | Damaged status | Not for loan | Home library | Current library | Shelving location | Date acquired | Serial Enumeration / chronology | Koha item type |
|---|---|---|---|---|---|---|---|---|---|
| Journals | RRII Library | RRII Library | Rubber chemistry | 17/12/2021 | Volume 40, Issue 1 | Journals |